| 000 | 01296cam a2200349 a 4500 | ||
|---|---|---|---|
| 001 | 16888286 | ||
| 003 | PILC | ||
| 005 | 20150305094841.0 | ||
| 008 | 110725s2013 caua 001 0 eng | ||
| 010 | _a 2011935080 | ||
| 020 | _a9781111580872 | ||
| 020 | _a1111580871 | ||
| 020 | _a9781111989491 | ||
| 040 |
_aDLC _cDLC _dDLC |
||
| 042 | _apcc | ||
| 050 | 0 | 0 |
_aQD 31.3 _b.Eb22 2013 |
| 100 | 1 | _aEbbing, Darrell D. | |
| 245 | 1 | 0 |
_aGeneral chemistry / _cDarrell D. Ebbing, Steven D. Gammon. |
| 250 | _a10th ed. | ||
| 260 |
_aBelmont, CA : _bBrooks/Cole, Cengage Learning, _cc2013. |
||
| 300 |
_axxviii, 1039, 83 pages : _bcolored illustrations ; _c29 cm. |
||
| 500 | _aIncludes index. | ||
| 521 | _aGeneral Education | ||
| 650 | 0 |
_aChemistry _vTextbooks. |
|
| 700 | 1 | _aGammon, Steven D. | |
| 856 | 4 | 2 |
_3Contributor biographical information _uhttp://www.loc.gov/catdir/enhancements/fy1303/2011935080-b.html |
| 856 | 4 | 2 |
_3Publisher description _uhttp://www.loc.gov/catdir/enhancements/fy1303/2011935080-d.html |
| 856 | 4 | 1 |
_3Table of contents only _uhttp://www.loc.gov/catdir/enhancements/fy1303/2011935080-t.html |
| 906 |
_a7 _bcbc _corignew _d3 _eepcn _f20 _gy-gencatlg |
||
| 942 |
_2lcc _cBK |
||
| 999 |
_c283727 _d283727 |
||